The authority guide to developing high performance teams: how to develop brilliant teams and reap the rich rewards of effective collaboration in the workplace (Record no. 82128)
[ view plain ]
| 000 -LEADER | |
|---|---|
| fixed length control field | 00818nam a22002297a 4500 |
| 003 - CONTROL NUMBER IDENTIFIER | |
| control field | CBULib |
| 005 - DATE AND TIME OF LATEST TRANSACTION | |
| control field | 20230915075419.0 |
| 008 - FIXED-LENGTH DATA ELEMENTS--GENERAL INFORMATION | |
| fixed length control field | 230915b |||||||| |||| 00| 0 eng d |
| 020 ## - INTERNATIONAL STANDARD BOOK NUMBER | |
| International Standard Book Number | 9781909116924 |
| 040 ## - CATALOGING SOURCE | |
| Language of cataloging | English |
| Transcribing agency | CBULib |
| Description conventions | rda |
| 041 ## - LANGUAGE CODE | |
| Language code of text/sound track or separate title | eng |
| 050 ## - LIBRARY OF CONGRESS CALL NUMBER | |
| Classification number | HD 66 Jen |
| 100 ## - MAIN ENTRY--PERSONAL NAME | |
| 9 (RLIN) | 768 |
| Personal name | Jenkins , Andrew |
| Titles and other words associated with a name | Jenkins, Andrew |
| 245 ## - TITLE STATEMENT | |
| Title | The authority guide to developing high performance teams: how to develop brilliant teams and reap the rich rewards of effective collaboration in the workplace |
| Statement of responsibility, etc | / by Andrew Jenkins |
| 260 ## - PUBLICATION, DISTRIBUTION, ETC. (IMPRINT) | |
| Place of publication, distribution, etc | United Kingdom: |
| Name of publisher, distributor, etc | Authority Guides, |
| Date of publication, distribution, etc | 2017 |
| 300 ## - PHYSICAL DESCRIPTION | |
| Extent | viii,88 pages: illustrations |
| 336 ## - CONTENT TYPE | |
| Source | rdacontent |
| Content type term | Text | |
| Content type code | txt |
| 337 ## - MEDIA TYPE | |
| Source | rdamedia |
| Media type term | Unmediated | |
| Media type code | n |
| 338 ## - CARRIER TYPE | |
| Source | rdacarrier |
| Carrier type term | Volume |
| Carrier type code | nc |
| 650 #0 - SUBJECT ADDED ENTRY--TOPICAL TERM | |
| Source of heading or term | OCLC |
| 9 (RLIN) | 770 |
| Topical term or geographic name as entry element | TEAMS IN THE WORKPLACE |
| 942 ## - ADDED ENTRY ELEMENTS (KOHA) | |
| Source of classification or shelving scheme | |
| Koha item type | MONOGRAPH |
| Withdrawn status | Lost status | Source of classification or shelving scheme | Damaged status | Not for loan | Collection code | Permanent Location | Current Location | Shelving location | Date acquired | Source of acquisition | Total Checkouts | Full call number | Barcode | Date last seen | Date checked out | Copy number | Price effective from | Koha item type |
|---|---|---|---|---|---|---|---|---|---|---|---|---|---|---|---|---|---|---|
| Mpika Library Collection | CBU-MPIKA LIBRARY, MPIKA CAMPUS. | CBU-MAIN LIBRARY, KITWE. | General Stacks | 09/15/2023 | DON-BOOKAID | 1 | HD 66 Jen | 752350 | 07/09/2025 | 06/19/2025 | 1 | 09/15/2023 | MONOGRAPH |